| 000 | 00830nam a2200277 a 4500 | ||
|---|---|---|---|
| 001 | vtls000824207 | ||
| 003 | NLI | ||
| 005 | 20210627055921.0 | ||
| 008 | 110331s1922 enke 000 0 eng | ||
| 039 | 9 |
_y201103312020 _zDatasoft |
|
| 040 | 0 |
_aNLI _beng _cRetro_DSC 1 _eAACR2 |
|
| 041 | 0 | _aeng | |
| 044 | _aenk | ||
| 082 | 0 | 4 | _a598.74 |
| 100 | 1 |
_aChance, Edgar P. _q(Edgar Percival) _9803222 |
|
| 245 | 1 | 4 |
_aThe cuckoo's secret / _cby Edgar Chance |
| 260 |
_aLondon : _bSidgwick & Jackson, _c1922 |
||
| 300 |
_axiv, 239, [1] p. : _bfold. plans. ; _c21 cm. |
||
| 650 | 0 | _aCuckoos | |
| 710 | 2 | _aDr. Sailendra Nath Sen Collection (National Library, India) | |
| 887 | _a | ||
| 901 |
_aSC1383 _b14.11.1961 |
||
| 902 | _aS.C 598.74 C 36 | ||
| 949 |
_AVIRTUAITEM _D10000 _X100 _6GSC000001383ENG |
||
| 942 |
_2ddc _cBKS |
||
| 999 |
_aVIRTUA40 _c672000 _d672000 |
||